000 00736nam a22002415a 4500
001 16925911
005 20170105102351.0
008 110818s2011 inu 000 0 eng
010 _a 2011936907
020 _a9781118034699 (pbk : alk. paper)
020 _a1118034694 (pbk : alk. paper)
040 _aDLC
_cDLC
042 _apcc
082 _a004.16
100 1 _aRodger, Richard Luna.
245 1 0 _aBeginning mobile application development in the cloud
_cRichard Rodger, Marcus Pinto, Mark Schill.
260 _aIndianapolis, IN :
_bWIley Pubishing, Inc.,
_c2011.
263 _a1110
300 _axxi, 523p.:
_c26 cm
906 _a0
_bibc
_corignew
_d2
_eepcn
_f20
_gy-gencatlg
942 _2ddc
_cBK
999 _c11950
_d11950